LEADER 02451nam 2200541 450 001 9910460973403321 005 20200520144314.0 010 $a1-55861-892-9 035 $a(CKB)3710000000401170 035 $a(EBL)1990501 035 $a(SSID)ssj0001458531 035 $a(PQKBManifestationID)12558551 035 $a(PQKBTitleCode)TC0001458531 035 $a(PQKBWorkID)11451861 035 $a(PQKB)10285205 035 $a(MiAaPQ)EBC1990501 035 $a(Au-PeEL)EBL1990501 035 $a(CaPaEBR)ebr11048997 035 $a(CaONFJC)MIL753086 035 $a(OCoLC)905690343 035 $a(EXLCZ)993710000000401170 100 $a20150505h20142014 uy 1 101 0 $aeng 135 $aurcnu|||||||| 181 $ctxt 182 $cc 183 $acr 200 10$aEat my heart out $ea novel /$fby Zoe Pilger 205 $aFirst Feminist Press edition. 210 1$aNew York, New York :$cThe Feminist Press,$d2014. 210 4$d©2014 215 $a1 online resource (356 p.) 300 $aDescription based upon print version of record. 311 $a1-55861-885-6 327 $aTitle Page; Contents; Copyright ; Dedication ; Epigraph ; Chapter 1; Chapter 2; Chapter 3; Chapter 4; Chapter 5; Chapter 6; Chapter 7; Chapter 8; Chapter 9; Chapter 10 ; Chapter 11 ; Chapter 12 ; Chapter 13 ; Chapter 14 ; Chapter 15; Chapter 16; Chapter 17; Chapter 18 ; Chapter 19 ; Chapter 20 ; Acknowledgments ; About the Author ; About Feminist Press; Also Available from Feminist Press 330 $aZoe Pilger is an art critic for The Independent and winner of the 2011 Frieze International Writers Prize. She has appeared on BBC News night's The Review Show, Channel Four's Sunday Brunch, and Sky News. Eat My Heart Out is her first novel. It was published in the UK by Serpent's Tail to wide acclaim, garnering positive reviews from publications such as Marie Claire, The Daily Mail, the Financial Times, and the New Statesman. Zoe is currently researching a PhD at Goldsmiths, University of London, where she has taught social and political theory. Zoe graduated with a BA from Cambridge University 606 $aFeminism$vFiction 608 $aElectronic books. 615 0$aFeminism 676 $a823/.92 700 $aPilger$b Zoe$0988077 801 0$bMiAaPQ 801 1$bMiAaPQ 801 2$bMiAaPQ 906 $aBOOK 912 $a9910460973403321 996 $aEat my heart out$92259399 997 $aUNINA LEADER 01542nam0 22003733i 450 001 MIL0252520 005 20231121125542.0 010 $a8845307549 010 $a9788845307546 100 $a19980620d1995 ||||0itac50 ba 101 | $aita 102 $ait 181 1$6z01$ai $bxxxe 182 1$6z01$an 200 1 $a˜L'œambiente dell'uomo$everso il progetto della città sostenibile$fEnzo Scandurra$gpresentazione di Enzo Tiezzi 210 $aMilano$cEtaslibri$d1995 215 $aXI, 290 p.$cill.$d24 cm. 225 | $aScienze del territorio$i. Architettura, urbanistica e ambiente 410 0$1001CFI0216838$12001 $aScienze del territorio$i. Architettura, urbanistica e ambiente 606 $aPianificazione urbanistica$2FIR$3RMLC007847$9I 606 $aCittà sostenibile$2FIR$3RMLC377338$9I 606 $aCitta$xPianificazione$2FIR$3RMLC102172$9I 676 $a307.1216$9$v21 676 $a711.4$9$v20 700 1$aScandurra$b, Enzo$3CFIV074203$4070$0437617 801 3$aIT$bIT-01$c19980620 850 $aIT-RM0289 $aIT-FR0098 899 $aBiblioteca Statale A. Baldini$bRM0289 899 $aBiblioteca Area Giuridico Economica$bFR0098 912 $aMIL0252520 950 0$aBiblioteca Area Giuridico Economica$d 53IMP 30 128$e 53VM 0000090025 VMB A4 barcode:ECO009843. - Inventario:5112. - Fondo:Sala consultazioneVM$fA $h19991012$i20121204 977 $a 04$a 53 996 $aAmbiente dell'uomo$964572 997 $aUNICAS